• 首页
  • 本馆介绍
  • 公告通知
  • 最新文献
  • 馆藏检索
  • 电子资源
  • 读者导购
  • 参考咨询
  • 我的图书馆
  • 登录
  • 详细信息显示
  • 放入我的书架
  • 预约/预借图书
  • 作者相关作品
  • 分类相关作品
  • 丛书相关作品
  • 出版社相关作品

书目信息

  • 表格格式
  • 工作单格式
  • 卡片格式
题名:
体育竞赛战术技巧指南
    
 
作者: 卢锋 , 柳伯力 , 卢锋 , 柳伯力 编著
分册:  
出版信息: 成都   电子科技大学出版社  1993
页数: 332页
开本: 20cm
丛书名: 体育俱乐部
单 册:
中图分类: G808.22
科图分类:
主题词: 运动竞赛--组织工作 , 运动竞赛 , 组织工作
电子资源:
ISBN: 7-81016-913-0
000 01007oam2 2200313 45
001 0120066006388
005 20070106085808.03
010    @a7-81016-913-0@dCNY26.00
092    @aCN@b496057
100    @a20060612e20051993em y0chiy0120 ea
101 0  @achi
102    @aCN@b510000
105    @ay z 000yy
200 1  @a体育竞赛战术技巧指南@9ti yu jing sai zhan shu ji qiao zhi nan@f卢锋,柳伯力编著@Flu feng,liu bo li bian zhu
210    @a成都@c电子科技大学出版社@d1993@h2005重印
215    @a332页@d20cm
225 2  @a体育俱乐部
330    @a本书对体育竞赛的基本理论作了阐述;运动竞赛战术概论、现代竞赛战术的特征及功能、战术活动过程、战术训练等。
461  0 @12001 @a体育俱乐部
606 0  @a运动竞赛@x组织工作
606 0  @a运动竞赛
606 0  @a组织工作
690    @aG808.22@v4
701  0 @a卢锋@9lu feng@4编著
701  0 @a柳伯力@9liu bo li@4编著
701  0 @a卢锋@Alu feng@4编著
701  0 @a柳伯力@Aliu bo li@4编著
801  0 @aCN@bLZJBOOK@c20070106
905    @a10447@dG808.22@e241
    
    体育竞赛战术技巧指南/卢锋,柳伯力编著.-成都:电子科技大学出版社,1993(2005重印)
    332页;20cm.-(体育俱乐部)
    
    
    ISBN 7-81016-913-0:CNY26.00
    本书对体育竞赛的基本理论作了阐述;运动竞赛战术概论、现代竞赛战术的特征及功能、战术活动过程、战术训练等。
●
相关链接 在E读中查询图书 在五车中查询图书 在当当中查询图书 在豆瓣中查询图书


正题名:体育竞赛战术技巧指南     索取号:G808.22/241         预约/预借

序号 登录号 条形码 馆藏地/架位号 状态 备注
1 0557156   205571567   第一样本阅览室/ [索取号:G808.22/241] 在馆    
2 0557157   205571576   第四借阅区/ [索取号:G808.22/241] 在馆    
3 0557158   205571585   密集书库/ [索取号:G808.22/241] 在馆    
4 0557159   205571594   密集书库/ [索取号:G808.22/241] 在馆    
5 0557160   205571601   密集书库/ [索取号:G808.22/241] 在馆    
6 0557161   205571610   密集书库/ [索取号:G808.22/241] 在馆    
7 0557162   205571629   第四借阅区/ [索取号:G808.22/241] 在馆    
8 0557163   205571638   第四借阅区/ [索取号:G808.22/241] 在馆    
唐山师范学院图书馆 欢迎您!
大连网信软件有限公司© 版权所有